000 004860000a22001810004500
003 MACL
005 20150704132016.0
008 150704b xxu||||| |||| 00| 0 eng d
040 _aMACL
_cMACL
041 _aEnglish
082 _a301/SEN
100 _aSen, Amartya
_9554
245 _aLocked Homes Empty Schools
_bThe Impact of Distress Seasonal Migration on the Rural Poor
260 _bZubaan
_c2006
_aNoida
350 _a695
650 _aSociology
_919
942 _cBK
_k301/SEN
_2ddc
999 _c41879
_d41879